<?xml version="1.0" encoding="UTF-8"?>
<record
    xmlns:xsi="http://www.w3.org/2001/XMLSchema-instance"
    xsi:schemaLocation="http://www.loc.gov/MARC21/slim http://www.loc.gov/standards/marcxml/schema/MARC21slim.xsd"
    xmlns="http://www.loc.gov/MARC21/slim">

  <leader>00982nam a2200229Ia 4500</leader>
  <datafield tag="999" ind1=" " ind2=" ">
    <subfield code="c">39789</subfield>
    <subfield code="d">39789</subfield>
  </datafield>
  <controlfield tag="001">6394</controlfield>
  <controlfield tag="003">GE_BSU</controlfield>
  <controlfield tag="005">20230803170055.0</controlfield>
  <controlfield tag="008">181216s1990||||ru |||||||||||||| ||rus||</controlfield>
  <datafield tag="020" ind1=" " ind2=" ">
    <subfield code="a">5274008941</subfield>
  </datafield>
  <datafield tag="040" ind1=" " ind2=" ">
    <subfield code="c">GE_BSU</subfield>
  </datafield>
  <datafield tag="080" ind1=" " ind2=" ">
    <subfield code="a">728.1.011(075.8) &#x410;-87</subfield>
  </datafield>
  <datafield tag="245" ind1=" " ind2=" ">
    <subfield code="a">&#x410;&#x440;&#x445;&#x438;&#x442;&#x435;&#x43A;&#x442;&#x443;&#x440;&#x43D;&#x43E;&#x435; &#x43F;&#x440;&#x43E;&#x435;&#x43A;&#x442;&#x438;&#x440;&#x43E;&#x432;&#x430;&#x43D;&#x438;&#x435; &#x436;&#x438;&#x43B;&#x44B;&#x445; &#x437;&#x434;&#x430;&#x43D;&#x438;&#x438; :</subfield>
    <subfield code="b">&#x423;&#x447;&#x435;&#x431;. &#x434;&#x43B;&#x44F; &#x432;&#x443;&#x437;&#x43E;&#x432;. /</subfield>
    <subfield code="c">&#x41C;.&#x412;. &#x41B;&#x438;&#x441;&#x438;&#x446;&#x438;&#x430;&#x43D;, &#x412;.&#x41B;. &#x41F;&#x430;&#x448;&#x43A;&#x43E;&#x432;&#x441;&#x43A;&#x438;&#x439;, &#x417;.&#x412;. &#x41F;&#x435;&#x442;&#x443;&#x43D;&#x438;&#x43D;&#x430; ; &#x420;&#x435;&#x434;. &#x415;.&#x418;.&#x410;&#x441;&#x442;&#x430;&#x444;&#x435;&#x435;&#x432;&#x430;.</subfield>
  </datafield>
  <datafield tag="264" ind1=" " ind2=" ">
    <subfield code="a">M&#x43E;&#x441;&#x43A;&#x432;&#x430; :</subfield>
    <subfield code="b">&#x421;&#x442;&#x440;&#x43E;&#x439;&#x438;&#x437;&#x434;&#x430;&#x442;, </subfield>
    <subfield code="c">1990.</subfield>
  </datafield>
  <datafield tag="300" ind1=" " ind2=" ">
    <subfield code="a">488&#x441; :</subfield>
    <subfield code="b">&#x438;&#x43B;. ;</subfield>
    <subfield code="c">20 &#x441;&#x43C;.</subfield>
  </datafield>
  <datafield tag="653" ind1=" " ind2=" ">
    <subfield code="a">&#x410;&#x440;&#x445;&#x438;&#x442;&#x435;&#x43A;&#x442;&#x443;&#x440;&#x43D;&#x43E;&#x435; &#x43F;&#x440;&#x43E;&#x435;&#x43A;&#x442;&#x438;&#x440;&#x43E;&#x432;&#x430;&#x43D;&#x438;&#x435; &#x436;&#x438;&#x43B;&#x44B;&#x445; &#x437;&#x434;&#x430;&#x43D;&#x438;&#x438;</subfield>
  </datafield>
  <datafield tag="700" ind1=" " ind2=" ">
    <subfield code="a">&#x41B;&#x438;&#x441;&#x438;&#x446;&#x438;&#x430;&#x43D;, &#x41C;.&#x412;.</subfield>
    <subfield code="c">&#x410;&#x432;&#x442;&#x43E;&#x440;</subfield>
    <subfield code="9">19592</subfield>
  </datafield>
  <datafield tag="700" ind1=" " ind2=" ">
    <subfield code="a">&#x41F;&#x430;&#x448;&#x43A;&#x43E;&#x432;&#x441;&#x43A;&#x438;&#x439;, &#x412;.&#x41B;.</subfield>
    <subfield code="c">&#x410;&#x432;&#x442;&#x43E;&#x440;</subfield>
    <subfield code="9">19593</subfield>
  </datafield>
  <datafield tag="700" ind1=" " ind2=" ">
    <subfield code="a">&#x41F;&#x435;&#x442;&#x443;&#x43D;&#x438;&#x43D;&#x430;,&#x417;.&#x412;.</subfield>
    <subfield code="c">&#x410;&#x432;&#x442;&#x43E;&#x440;</subfield>
    <subfield code="9">19594</subfield>
  </datafield>
  <datafield tag="700" ind1=" " ind2=" ">
    <subfield code="a">&#x410;&#x441;&#x442;&#x430;&#x444;&#x435;&#x435;&#x432;&#x430;, &#x415;.&#x418;.</subfield>
    <subfield code="c">&#x420;&#x435;&#x434;&#x430;&#x43A;&#x442;&#x43E;&#x440;</subfield>
    <subfield code="9">19595</subfield>
  </datafield>
  <datafield tag="942" ind1=" " ind2=" ">
    <subfield code="c">BK</subfield>
    <subfield code="2">udc</subfield>
  </datafield>
  <datafield tag="952" ind1=" " ind2=" ">
    <subfield code="0">0</subfield>
    <subfield code="1">0</subfield>
    <subfield code="2">udc</subfield>
    <subfield code="4">0</subfield>
    <subfield code="6">72810110758_&#x410;87</subfield>
    <subfield code="7">0</subfield>
    <subfield code="9">43602</subfield>
    <subfield code="a">CPL</subfield>
    <subfield code="b">CPL</subfield>
    <subfield code="c">GEN</subfield>
    <subfield code="d">2018-12-17</subfield>
    <subfield code="o">728.1.011(075.8) &#x410;-87</subfield>
    <subfield code="p">22508</subfield>
    <subfield code="r">2018-12-17</subfield>
    <subfield code="t">22508</subfield>
    <subfield code="w">2018-12-17</subfield>
    <subfield code="y">BK</subfield>
  </datafield>
</record>
